Six Letter Geography - A #1 - Statistics

General Stats
  • This quiz has been taken 66 times
  • The average score is 9 of 10
Answer Stats
Hint Answer % Correct
Rainforest in South America (And a river) Amazon
98%
Second largest continent by land area Africa
97%
Largest US state by total land area Alaska
97%
Country named for silver in Latin {Argent}ina
97%
Capital city located in the East of Turkey Ankara
95%
Region consisting of Yemen, Qatar, Iraq, etc... Arabia
93%
Circle of countries way up in the North {Arctic} Circle
92%
Country whose capital is Luanda Angola
81%
The capital of former Soviet Kazakhstan Astana
73%
The capital city of the country Eritrea Asmara
61%
No matching quizzes found
Score Distribution
Percent of People with Each Score
Percentile by Number Answered
Your Score History
You have not taken this quiz